000
00184nam a2200073Ia 4500
008
170817s9999 xx 000 0 und d
100
_a
SHARMA S.R.
245
0
_a
ESIENTIALS OF TEACHING & LEARNING
260
_b
ANMOL PUB.
999
_c
37883
_d
37883